000 00847nam a2200277Ia 4500
001 Z_4709
003 CHAP
008 220113s2=00 xx 000 0 und d
010 _a167756
040 _cCHAP
090 _aTesis S 1681
100 _aSantillano Estrada, Alejandro
_9102418
245 _aEvaluación del programa salud animal en el estado de Querétaro durante el año 2001 /
_cpor Alejandro Santillano Estrada
260 _aChapingo, Méx. :
_bEl autor,
_c2002
300 _a74 h. + anexos
502 _aTesis (Ing. Agr. Esp. en Zootecnia) -- UACH. Departamento de Zootecnia
650 _aAnimales domésticos
_xEnfermedades
_95901
650 _aGanado
_xEnfermedades
_944909
650 _aSanidad animal
_9102221
901 _aTESIS S 1681
902 _aM
910 _a2=00
942 _c2
942 _c2
999 _c167756
_d167756